Click the Countries on a Borderless World Map #1 - Statistics

General Stats
  • This quiz has been taken 120,873 times
  • The average score is 17 of 25
Answers on the Map
Answers color-coded by a green-red scale on the quiz's map according to % correct below.
 
Answer Stats
Answer % Correct
Brazil
98%
India
97%
Mexico
93%
New Zealand
93%
Chile
88%
Egypt
88%
Sweden
88%
Morocco
82%
Papua New Guinea
73%
Portugal
73%
Yemen
73%
Turkey
65%
Germany
62%
Malaysia
61%
Ireland
60%
South Africa
59%
Nigeria
55%
North Korea
54%
Cuba
53%
Iran
51%
Nicaragua
51%
Vietnam
51%
Seychelles
50%
Kazakhstan
49%
Kenya
43%
No matching quizzes found
Score Distribution
Percent of People with Each Score
Percentile by Number Answered
Your Score History
You have not taken this quiz